000 00808nas a2200277 4500
001 BR9901090
003 BR-BrBNA
005 20231205101303.0
007 ta
008 230509b bl.|||p| |||| 00| 00por d
040 _aBR-BrBNA
_bpor
_cBiblioteca Nacional de Agricultura
041 _a(Pt)
072 _aQ02
100 1 _aGutkoski, L.C.
100 1 _aEl-Dash, A.A.
245 1 _aEfeito do cozimento por extrusao na estabilidade oxidativa de produtos de moagem de aveia
650 _aAveia
650 _aGrao
650 _aCoccao
650 _aExtrusao
650 _aOxidacao
650 _aArmazenamento
773 0 _tPesquisa Agropecuaria Brasileira (Brazil)
_xISSN 0100-204X
_g(Jan 1999), v. 34(1) p. 119-127
_wBR9901090
909 _a202311
_bLúcia
_c55
_dLúcia Elande
942 _2AGRIS
_n0
_cANA
999 _c160911
_d160911